| 000 | 00766cab a2200265 4500 | ||
|---|---|---|---|
| 001 | ABS50242 | ||
| 008 | 090401t1994 xxu||||| |||| 00| 0 eng d | ||
| 035 | _a(Sirsi) u74791 | ||
| 041 | _aeng | ||
| 100 | _aRiemer, J.J. | ||
| 245 | _aCutting construction costs | ||
| 260 | _c1994 | ||
| 350 | _a0 | ||
| 490 |
_aArchitects` Journal _v199(9) 2 March 1994, 24-25(2) |
||
| 520 | _aCompares building schemes in the USA and the UK and discusses various innovations for improvement, such as teambuilding. | ||
| 650 | _aCOMPARISON | ||
| 650 | _aCONSTRUCTION INDUSTRY | ||
| 650 | _aCOSTS | ||
| 650 | _aTEAMBUILDING | ||
| 650 | _aUNITED KINGDOM | ||
| 650 | _aUNITED STATES | ||
| 690 | _aBUILT ENVIRONMENT-BUILDING COSTS | ||
| 942 | _n0 | ||
| 948 | _c04/03/1997 | ||
| 999 |
_c47124 _d47124 |
||